[Event "CZE-chT2c 0506"]
[Site "Czech Republic"]
[Date "2005.11.06"]
[Round "2.3"]
[White "Mojzis, Jaroslav"]
[Black "Subrt, Jaroslav"]
[Result "1-0"]
[WhiteElo "2235"]
[BlackElo "2161"]
[PlyCount "61"]
[EventDate "2005.10.16"]
[EventType "team"]
[EventRounds "11"]
[EventCountry "CZE"]
[SourceTitle "EXT 2009"]
[Source "ChessBase"]
[SourceDate "2008.11.26"]
[SourceVersion "1"]
[SourceVersionDate "2008.11.26"]
[SourceQuality "1"]
[WhiteTeam "Polabiny"]
[BlackTeam "Vysehrad III"]
[WhiteTeamCountry "CZE"]
[BlackTeamCountry "CZE"]

1. Nf3 d5 2. g3 c5 3. Bg2 Nc6 4. d4 e6 5. 0-0 Nf6 6. c4 dxc4 7. Qa4 Bd7 8. dxc5 Bxc5 9. Qxc4 Qb6 10. Nc3 Na5 11. Qh4 Qb4 12. Qg5 Be7 13. Qxg7 Rg8 14. Qh6 0-0-0 15. Qf4 Nc4 16. a3 Qc5 17. b4 Qc7 18. Qxc7+ Kxc7 19. Bf4+ Kb6 20. Ne5 Rc8 21. Rfc1 Nxe5 22. Bxe5 Rgd8 23. e3 a5 24. Bd4+ Ka6 25. Bf1+ b5 26. a4 axb4 27. axb5+ Kb7 28. Bg2+ Nd5 29. Nxd5 Rxc1+ 30. Rxc1 exd5 31. Bxd5+ 1-0

[Event "CZE-chT 0405"]
[Site "Czech Republic"]
[Date "2004.12.04"]
[Round "3.8"]
[White "Frolik, Martin"]
[Black "Subrt, Jaroslav"]
[Result "0-1"]
[WhiteElo "2273"]
[BlackElo "2166"]
[PlyCount "89"]
[EventDate "2004.11.??"]
[EventType "team"]
[EventRounds "11"]
[EventCountry "CZE"]
[SourceTitle "EXT 2006"]
[Source "ChessBase"]
[SourceDate "2005.11.24"]
[SourceVersion "1"]
[SourceVersionDate "2005.11.24"]
[SourceQuality "1"]
[WhiteTeam "Trinec"]
[BlackTeam "Vysehrad"]
[WhiteTeamCountry "CZE"]
[BlackTeamCountry "CZE"]

1. d4 d5 2. c4 c6 3. Nf3 Nf6 4. Nc3 e6 5. cxd5 exd5 6. Bg5 Nbd7 7. e3 Qa5 8. Nd2 Bd6 9. Qc2 0-0 10. Bd3 h6 11. Bh4 Re8 12. 0-0-0 b5 13. Kb1 b4 14. Ne2 Ba6 15. Nc1 Bxd3 16. Nxd3 Qb6 17. Rc1 Rec8 18. Bxf6 Nxf6 19. f3 a5 20. Nc5 Bxc5 21. Qxc5 Qa6 22. Rhe1 Nd7 23. Qc2 a4 24. e4 c5 25. exd5 c4 26. Qf5 c3 27. Nf1 cxb2 28. Kxb2 Nb6 29. Nd2 a3+ 30. Ka1 Rxc1+ 31. Rxc1 Qe2 32. Qc2 Rc8 33. Qd1 Qd3 34. Nb3 Rxc1+ 35. Qxc1 Nxd5 36. Qd2 Qc4 37. Qe1 f5 38. g4 Nc3 39. gxf5 Kh7 40. f6 gxf6 41. h4 Ne2 42. h5 Kg7 43. Qd2 Nxd4 44. Qg2+ Kf8 45. Qd2 0-1

[Event "CZE-chT 0304"]
[Site "Czech Republic"]
[Date "2004.04.03"]
[Round "10"]
[White "Cernousek, Lukas"]
[Black "Subrt, Jaroslav"]
[Result "1-0"]
[WhiteElo "2375"]
[BlackElo "2166"]
[PlyCount "75"]
[EventDate "2003.11.08"]
[EventType "team-tourn"]
[EventRounds "11"]
[EventCountry "CZE"]
[SourceTitle "EXT 2019"]
[Source "ChessBase"]
[SourceDate "2018.10.10"]
[SourceVersion "1"]
[SourceVersionDate "2018.10.10"]
[SourceQuality "1"]
[WhiteTeam "Kolin SK Sokol"]
[BlackTeam "Vysehrad SK Sokol"]
[WhiteTeamCountry "CZE"]
[BlackTeamCountry "CZE"]

1. e4 c5 2. Nf3 Nc6 3. d4 cxd4 4. Nxd4 e5 5. Nb5 d6 6. N1c3 a6 7. Na3 Be6 8. Nc4 Rc8 9. Nd5 Nd4 10. c3 Bxd5 11. exd5 Nf5 12. a4 Nf6 13. a5 Rc5 14. Nb6 Be7 15. Qa4+ Nd7 16. Bd3 Nh4 17. g3 Ng6 18. Be3 Rc7 19. Bf5 Ngf8 20. Nxd7 Rxd7 21. 0-0 g6 22. Bxd7+ Nxd7 23. f4 0-0 24. f5 Kg7 25. c4 Nf6 26. b4 Qc8 27. Rac1 gxf5 28. c5 dxc5 29. Bxc5 Bxc5+ 30. Rxc5 Qd8 31. Rxf5 Ne4 32. Rc4 Qxd5 33. Qc2 Nd6 34. Rg4+ Kh8 35. Rh4 Rc8 36. Rxh7+ Kxh7 37. Rxf7+ Kh6 38. Qh7+ 1-0

[Event "CZE-chT2J 0203"]
[Site "Czech Republic"]
[Date "2003.??.??"]
[Round "2"]
[White "Subrt, Jaroslav"]
[Black "Mikuev, Erenzen"]
[Result "0-1"]
[WhiteElo "2190"]
[BlackElo "2220"]
[PlyCount "70"]
[EventDate "2002.10.??"]
[EventType "team"]
[EventRounds "11"]
[EventCountry "CZE"]
[SourceTitle "EXT 2007"]
[Source "ChessBase"]
[SourceDate "2006.11.23"]
[SourceVersion "1"]
[SourceVersionDate "2006.11.23"]
[SourceQuality "1"]

1. d4 Nf6 2. c4 e6 3. Nf3 Nc6 4. a3 d6 5. Nc3 g6 6. e4 Bg7 7. b4 0-0 8. b5 Ne7 9. Bg5 h6 10. Bd2 b6 11. Qc2 Bb7 12. Bd3 c5 13. bxc6 Nxc6 14. d5 Na5 15. dxe6 fxe6 16. 0-0 Rc8 17. Nb5 Nxc4 18. Nxa7 Nxd2 19. Qxd2 Ra8 20. Nb5 Nxe4 21. Bxe4 Bxe4 22. Rae1 Bxf3 23. gxf3 Rf5 24. f4 Rxb5 25. Rxe6 Kh7 26. Rxd6 Qh4 27. Rd7 Qg4+ 28. Kh1 Ra4 29. f3 Qh3 30. Rxg7+ Kxg7 31. Qc3+ Kg8 32. Rd1 Rd5 33. Rg1 Kh7 34. Qc7+ Qd7 35. Qc2 Rf5 0-1

[Event "CZE-chT2J 0203"]
[Site "Czech Republic"]
[Date "2003.??.??"]
[Round "2"]
[White "Subrt, Jaroslav"]
[Black "Trmal, Jaroslav"]
[Result "0-1"]
[WhiteElo "2190"]
[BlackElo "2258"]
[PlyCount "56"]
[EventDate "2002.10.??"]
[EventType "team"]
[EventRounds "11"]
[EventCountry "CZE"]
[SourceTitle "EXT 2007"]
[Source "ChessBase"]
[SourceDate "2006.11.23"]
[SourceVersion "1"]
[SourceVersionDate "2006.11.23"]
[SourceQuality "1"]

1. d4 d5 2. Nf3 Nf6 3. c4 e6 4. Nc3 Be7 5. Bg5 0-0 6. e3 c6 7. Rc1 Nbd7 8. a3 Re8 9. Bd3 dxc4 10. Bxc4 Nd5 11. Bxe7 Qxe7 12. 0-0 Nxc3 13. Rxc3 e5 14. dxe5 Nxe5 15. Nxe5 Qxe5 16. f4 Qf6 17. f5 b5 18. Be2 Bb7 19. Bf3 Rad8 20. Qc2 Rd6 21. b4 h6 22. g4 Red8 23. Rf2 Qh4 24. Kg2 c5 25. e4 c4 26. Qc1 Bxe4 27. Qf4 Bxf3+ 28. Qxf3 Rd4 0-1

[Event "CZE-chT2J 0203"]
[Site "Czech Republic"]
[Date "2002.??.??"]
[Round "3"]
[White "Subrt, Jaroslav"]
[Black "Trmota, Zdenek"]
[Result "1-0"]
[WhiteElo "2190"]
[BlackElo "2214"]
[PlyCount "103"]
[EventDate "2002.10.??"]
[EventType "team"]
[EventRounds "11"]
[EventCountry "CZE"]
[SourceTitle "EXT 2007"]
[Source "ChessBase"]
[SourceDate "2006.11.23"]
[SourceVersion "1"]
[SourceVersionDate "2006.11.23"]
[SourceQuality "1"]

1. d4 Nf6 2. c4 g6 3. Nc3 Bg7 4. e4 d6 5. f4 0-0 6. Nf3 Na6 7. Bd3 Bg4 8. h3 Bxf3 9. Qxf3 e5 10. fxe5 Nd7 11. 0-0 c5 12. exd6 Bxd4+ 13. Kh1 Ne5 14. Qg3 Nb4 15. Be2 Nec6 16. Bf4 Bg7 17. Rad1 Nd4 18. Bg4 Nbc6 19. Nd5 h5 20. Bxh5 Ne6 21. Ne7+ Nxe7 22. dxe7 Qxe7 23. Bd6 Qe8 24. Bxf8 Nxf8 25. Bg4 Bxb2 26. Qb3 Bd4 27. Qxb7 Rb8 28. Qa6 Qe7 29. Qc6 Rb2 30. a4 Rb6 31. Qa8 Rb4 32. e5 Kg7 33. Qd5 Ne6 34. a5 Nc7 35. Qc6 Rxc4 36. Rf4 Ne6 37. Bxe6 Qxe6 38. Qxe6 fxe6 39. Rdf1 Rb4 40. Rf7+ Kh6 41. Rxa7 c4 42. Ra6 c3 43. Rc6 Ra4 44. a6 c2 45. Rxc2 Rxa6 46. Re2 Kg5 47. Re4 Bc3 48. Rf3 Bb2 49. h4+ Kh5 50. Rf6 Kh6 51. g4 Kg7 52. g5 1-0

[Event "CZE-chTV 0102"]
[Site "Czech Republic"]
[Date "2002.??.??"]
[Round "3"]
[White "Subrt, Jaroslav"]
[Black "Vavra, Radim"]
[Result "0-1"]
[WhiteElo "2178"]
[BlackElo "2087"]
[PlyCount "36"]
[EventDate "2001.??.??"]
[EventType "team"]
[EventRounds "11"]
[EventCountry "CZE"]
[SourceTitle "EXT 2003"]
[Source "ChessBase"]
[SourceDate "2002.11.25"]
[SourceVersion "1"]
[SourceVersionDate "2002.11.25"]
[SourceQuality "1"]
[WhiteTeam "Vysehrad III"]
[BlackTeam "Infinity C"]
[WhiteTeamCountry "CZE"]
[BlackTeamCountry "CZE"]

1. d4 Nf6 2. c4 g6 3. Nc3 Bg7 4. e4 0-0 5. Nf3 d6 6. Be2 e5 7. d5 a5 8. 0-0 Na6 9. Ne1 Nd7 10. f4 exf4 11. Bxf4 Nac5 12. Nf3 Qe7 13. Bd3 Ne5 14. Nxe5 Bxe5 15. Bxe5 Qxe5 16. Bc2 Nd7 17. Nb5 Qxb2 18. Nxc7 Qb6+ 0-1

[Event "CZE-chTV 0102"]
[Site "Czech Republic"]
[Date "2001.??.??"]
[Round "2"]
[White "Subrt, Jaroslav"]
[Black "Senkyr, Vladimir"]
[Result "0-1"]
[WhiteElo "2178"]
[BlackElo "2259"]
[PlyCount "68"]
[EventDate "2001.??.??"]
[EventType "team"]
[EventRounds "11"]
[EventCountry "CZE"]
[SourceTitle "EXT 2003"]
[Source "ChessBase"]
[SourceDate "2002.11.25"]
[SourceVersion "1"]
[SourceVersionDate "2002.11.25"]
[SourceQuality "1"]
[WhiteTeam "Vysehrad III"]
[BlackTeam "Polabiny"]
[WhiteTeamCountry "CZE"]
[BlackTeamCountry "CZE"]

1. d4 f5 2. g3 Nf6 3. Bg2 g6 4. Nf3 Bg7 5. 0-0 0-0 6. c4 d6 7. Nc3 Qe8 8. Qb3 Kh8 9. Ng5 c6 10. d5 Na6 11. dxc6 bxc6 12. Qa4 Nb8 13. c5 d5 14. Qh4 Na6 15. b4 Nh5 16. Bb2 h6 17. b5 hxg5 18. Qxg5 Nxc5 19. Nxd5 Bxb2 20. Nxe7 Kh7 21. Bxc6 Bd7 22. Bxa8 Bf6 23. Qe3 Ne6 24. Nxg6 Kxg6 25. Rad1 Bxb5 26. Bf3 Ng5 27. Bxh5+ Kxh5 28. Qxa7 Bxe2 29. h4 Rf7 30. Qc5 Nf3+ 31. Kh1 Qe4 32. Qd5 Qxd5 33. Rxd5 Bxf1 34. Rxf5+ Kg4 0-1

[Event "Schneider Bohemia op-C"]
[Site "Plzen"]
[Date "2000.??.??"]
[Round "?"]
[White "Adamek, Frantisek"]
[Black "Subrt, Jaroslav"]
[Result "1-0"]
[WhiteElo "1955"]
[BlackElo "2202"]
[PlyCount "75"]
[EventDate "2000.??.??"]
[EventType "swiss"]
[EventRounds "9"]
[EventCountry "CZE"]
[SourceTitle "EXT 2003"]
[Source "ChessBase"]
[SourceDate "2002.11.25"]
[SourceVersion "1"]
[SourceVersionDate "2002.11.25"]
[SourceQuality "1"]

1. e4 c5 2. f4 d5 3. exd5 Qxd5 4. Nc3 Qd8 5. Nf3 Nc6 6. Bb5 Nf6 7. Bxc6+ bxc6 8. Ne5 Qc7 9. Qf3 Bb7 10. d3 e6 11. 0-0 Nd5 12. Ne4 Be7 13. c4 Nf6 14. Ng5 0-0 15. Be3 Bd6 16. Qh3 h6 17. Ngxf7 Rxf7 18. Nxf7 Qxf7 19. Rae1 Re8 20. Qf3 Qh5 21. Qg3 Qg4 22. Qf2 Qf5 23. h3 h5 24. Rd1 Bf8 25. b3 Rd8 26. Qe2 e5 27. Qf2 exf4 28. Bxf4 Bd6 29. Qg3 Bxf4 30. Rxf4 Qe6 31. Re1 Qf7 32. Re5 Kh7 33. Rf3 Qd7 34. Rxf6 Qd4+ 35. Rf2 Rf8 36. Rxh5+ Kg8 37. Qh4 Qe3 38. Rh8# 1-0

[Event "CZE-chTJ 0001"]
[Site "Czech Republic"]
[Date "2000.??.??"]
[Round "2"]
[White "Nidl, Petr"]
[Black "Subrt, Jaroslav"]
[Result "1-0"]
[WhiteElo "2185"]
[BlackElo "2175"]
[PlyCount "49"]
[EventDate "2000.??.??"]
[EventType "team"]
[EventRounds "11"]
[EventCountry "CZE"]
[SourceTitle "EXT 2003"]
[Source "ChessBase"]
[SourceDate "2002.11.25"]
[SourceVersion "1"]
[SourceVersionDate "2002.11.25"]
[SourceQuality "1"]

1. Nf3 d5 2. g3 c5 3. Bg2 Nc6 4. 0-0 e5 5. d3 Bd6 6. e4 d4 7. Nbd2 Be6 8. Nc4 Bc7 9. Ng5 Bd7 10. f4 f6 11. fxe5 fxg5 12. Qf3 Qe7 13. Bxg5 0-0-0 14. Bxe7 Ngxe7 15. Qf7 g5 16. Nd6+ Kb8 17. Qb3 Na5 18. Qa3 b5 19. b4 cxb4 20. Qxb4 Nec6 21. Qxb5+ Ka8 22. Qd5 Bc8 23. Rf7 Bb8 24. Rb1 Ba6 25. Qc5 1-0

[Event "CZE-chTJ 0001"]
[Site "Czech Republic"]
[Date "2000.??.??"]
[Round "1"]
[White "Pinc, Miroslav"]
[Black "Subrt, Jaroslav"]
[Result "1/2-1/2"]
[WhiteElo "2138"]
[BlackElo "2202"]
[PlyCount "106"]
[EventDate "2000.??.??"]
[EventType "team"]
[EventRounds "11"]
[EventCountry "CZE"]
[SourceTitle "EXT 2003"]
[Source "ChessBase"]
[SourceDate "2002.11.25"]
[SourceVersion "1"]
[SourceVersionDate "2002.11.25"]
[SourceQuality "1"]

1. d4 Nf6 2. c4 e5 3. dxe5 Ne4 4. Nf3 Nc6 5. a3 d6 6. exd6 Bxd6 7. Nbd2 Bf5 8. e3 Qf6 9. Nxe4 Bxe4 10. Bd3 Bxd3 11. Qxd3 0-0-0 12. Qc2 Rd7 13. Bd2 Ne5 14. Nxe5 Bxe5 15. f4 Bxb2 16. Ra2 Rhd8 17. Qxb2 Qc6 18. Qc3 Qxg2 19. Rf1 Rd3 20. Qa5 Kb8 21. Rb2 b6 22. Qg5 Qe4 23. f5 Qe5 24. Ra2 Qxh2 25. Qf4 Qg2 26. Rf2 Qh1+ 27. Rf1 Qc6 28. Ke2 h5 29. Bb4 Qa4 30. Rc1 a5 31. Rd2 Rxd2+ 32. Bxd2 Qxa3 33. Rc3 Qe7 34. Rd3 Rxd3 35. Kxd3 h4 36. Bc3 h3 37. Ke2 Qa3 38. Be5 Qa2+ 39. Ke1 Qb1+ 40. Kd2 Qb4+ 41. Ke2 Qc5 42. Bxg7 a4 43. Kf2 Qc6 44. Qg3 Qxc4 45. Qxh3 a3 46. Qh8+ Kb7 47. Qh1+ c6 48. Qb1 Qh4+ 49. Kf3 Qh3+ 50. Kf4 Qh2+ 51. Kg5 Qg2+ 52. Kh6 Qh3+ 53. Kg5 Qg2+ 1/2-1/2

[Event "Schneider Bohemia op-C"]
[Site "Plzen"]
[Date "2000.??.??"]
[Round "?"]
[White "Simek, Vladimir"]
[Black "Subrt, Jaroslav"]
[Result "1/2-1/2"]
[WhiteElo "1760"]
[BlackElo "2202"]
[PlyCount "112"]
[EventDate "2000.??.??"]
[EventType "swiss"]
[EventRounds "9"]
[EventCountry "CZE"]
[SourceTitle "EXT 2003"]
[Source "ChessBase"]
[SourceDate "2002.11.25"]
[SourceVersion "1"]
[SourceVersionDate "2002.11.25"]
[SourceQuality "1"]

1. d4 d5 2. Nf3 Nc6 3. Nc3 e6 4. g3 Be7 5. Bg2 Nf6 6. e3 Bd7 7. 0-0 a6 8. Ne5 Bd6 9. f4 h5 10. Bf3 Ne7 11. Nxd7 Qxd7 12. e4 dxe4 13. Nxe4 Nxe4 14. Bxe4 0-0-0 15. Be3 f5 16. Bg2 h4 17. Qf3 c6 18. c4 hxg3 19. hxg3 Ng8 20. d5 exd5 21. cxd5 c5 22. Rfc1 Qc7 23. Qf2 Kb8 24. b4 c4 25. Bb6 Qe7 26. Bxd8 Qxd8 27. Rxc4 Nf6 28. Rac1 Qd7 29. Qb6 Qe7 30. Qd4 Ng4 31. Bf3 Nf6 32. Qd2 b5 33. Re1 Qa7+ 34. Rc5 Ne4 35. Bxe4 fxe4 36. Rxe4 Bxc5+ 37. bxc5 Qxc5+ 38. Rd4 Re8 39. Kg2 Kc7 40. Kf3 Kd6 41. Qd3 Re7 42. Kg4 Qc8+ 43. Kg5 Qd8 44. Qa3+ Kd7 45. Kg4 Qb6 46. Qd3 Qh6 47. d6 Re6 48. Qf5 Qg6+ 49. Qxg6 Rxg6+ 50. Kf3 Rxd6 51. Ke4 Ke6 52. f5+ Ke7 53. Rxd6 Kxd6 54. Kd4 a5 55. g4 b4 56. Kc4 Ke5 1/2-1/2

[Event "Schneider Bohemia op-C"]
[Site "Plzen"]
[Date "2000.??.??"]
[Round "?"]
[White "Subrt, Jaroslav"]
[Black "Dolezal, Rudolf"]
[Result "1-0"]
[WhiteElo "2202"]
[BlackElo "1625"]
[PlyCount "73"]
[EventDate "2000.??.??"]
[EventType "swiss"]
[EventRounds "9"]
[EventCountry "CZE"]
[SourceTitle "EXT 2003"]
[Source "ChessBase"]
[SourceDate "2002.11.25"]
[SourceVersion "1"]
[SourceVersionDate "2002.11.25"]
[SourceQuality "1"]

1. e4 c5 2. Nf3 Nc6 3. d4 cxd4 4. Nxd4 Nf6 5. Nc3 d6 6. Be2 e6 7. Be3 Be7 8. f4 e5 9. Nxc6 bxc6 10. fxe5 dxe5 11. 0-0 0-0 12. a3 Qxd1 13. Raxd1 Ng4 14. Bxg4 Bxg4 15. Rd2 h6 16. h3 Be6 17. Na4 Bc4 18. Rfd1 Be6 19. Bc5 Rfe8 20. Bxe7 Rxe7 21. b3 g6 22. Rd6 Rc8 23. Nc5 Kg7 24. Nxe6+ Rxe6 25. Rxe6 fxe6 26. Rd7+ Kf6 27. Rxa7 Rd8 28. Rc7 Rd4 29. Rxc6 Rxe4 30. a4 Rb4 31. a5 e4 32. Kf2 Kf5 33. a6 Rb5 34. a7 Ra5 35. Rc7 Kf6 36. Ke3 Ke5 37. Rc5+ 1-0

[Event "CZE-chT 9899"]
[Site "Czech Republic"]
[Date "1999.03.28"]
[Round "11"]
[White "Subrt, Jaroslav"]
[Black "Zvolanek, Libor"]
[Result "1/2-1/2"]
[WhiteElo "2192"]
[BlackElo "2285"]
[PlyCount "110"]
[EventDate "1998.10.31"]
[EventType "team-tourn"]
[EventRounds "11"]
[EventCountry "CZE"]
[SourceTitle "EXT 2019"]
[Source "ChessBase"]
[SourceDate "2018.10.10"]
[SourceVersion "1"]
[SourceVersionDate "2018.10.10"]
[SourceQuality "1"]
[WhiteTeam "Vysehrad SK Sokol"]
[BlackTeam "Grygov A64 Valoz"]
[WhiteTeamCountry "CZE"]
[BlackTeamCountry "CZE"]

1. d4 Nf6 2. g3 e6 3. Bg2 c5 4. e3 Nc6 5. Ne2 d5 6. 0-0 Bd7 7. b3 b5 8. c4 bxc4 9. bxc4 dxc4 10. Nbc3 cxd4 11. exd4 Rc8 12. d5 exd5 13. Nxd5 Nxd5 14. Qxd5 Nb4 15. Qe4+ Qe7 16. Ba3 Qxe4 17. Bxe4 Be7 18. Nf4 0-0 19. Rfc1 Rfe8 20. Bb7 Rb8 21. Bxb4 Bxb4 22. Ba6 c3 23. Rab1 Ba3 24. Rxb8 Bxc1 25. Rxe8+ Bxe8 26. Ne2 Bb2 27. Nd4 Bc6 28. Bd3 Bd5 29. a4 a5 30. Kf1 Ba3 31. Ke2 Bc5 32. Nb5 Bb4 33. Nd4 h5 34. f3 g6 35. Be4 Bc4+ 36. Bd3 Bd5 37. Be4 Bxe4 38. fxe4 Bc5 39. Nb5 Bg1 40. h3 Bh2 41. g4 hxg4 42. hxg4 Be5 43. Kd3 Kg7 44. g5 Bf4 45. Nd4 Bxg5 46. Nc6 Bh4 47. Nxa5 g5 48. Nc4 Bf2 49. Kxc3 g4 50. Kd3 Kf6 51. Ne3 Kg5 52. Ke2 g3 53. Nd1 Bd4 54. Kf3 g2 55. Kxg2 Kf4 1/2-1/2

[Event "CZE-chT 9899"]
[Site "Czech Republic"]
[Date "1999.01.24"]
[Round "5"]
[White "Choleva, Zdenek"]
[Black "Subrt, Jaroslav"]
[Result "0-1"]
[WhiteElo "2230"]
[BlackElo "2192"]
[PlyCount "114"]
[EventDate "1998.10.31"]
[EventType "team-tourn"]
[EventRounds "11"]
[EventCountry "CZE"]
[SourceTitle "EXT 2019"]
[Source "ChessBase"]
[SourceDate "2018.10.10"]
[SourceVersion "1"]
[SourceVersionDate "2018.10.10"]
[SourceQuality "1"]
[WhiteTeam "Praha Bohemians"]
[BlackTeam "Vysehrad SK Sokol"]
[WhiteTeamCountry "CZE"]
[BlackTeamCountry "CZE"]

1. b3 e5 2. Bb2 Nc6 3. e3 Nf6 4. Bb5 d6 5. Ne2 Bd7 6. d4 exd4 7. Nxd4 Nxd4 8. Bxd7+ Qxd7 9. Qxd4 d5 10. Qe5+ Qe7 11. Nd2 0-0-0 12. Qxe7 Bxe7 13. Nf3 Ne4 14. Bxg7 Rhg8 15. Be5 f6 16. Bf4 Bb4+ 17. Kf1 c5 18. g3 Ba3 19. Kg2 Nc3 20. Raf1 a5 21. Nd2 Bb4 22. Nb1 Nxa2 23. Kf3 Rge8 24. Rd1 b5 25. g4 a4 26. Rd3 c4 27. Rd4 Kb7 28. g5 f5 29. h4 Nc3 30. h5 Kc6 31. g6 Nxb1 32. Rxb1 Bc3 33. Bg5 Ra8 34. bxa4 bxa4 35. Bf6 hxg6 36. hxg6 Re6 37. Rxc4+ dxc4 38. Bxc3 Rxg6 39. Bd4 Rg4 40. Rb6+ Kd7 41. Rb7+ Ke6 42. Rb6+ Ke7 43. Rb7+ Kd6 44. Rb6+ Kc7 45. Rb2 Ra6 46. Bc3 Kc6 47. Bd4 a3 48. Ra2 Kb5 49. Bc3 Ka4 50. Ra1 Kb5 51. Ra2 Ra8 52. Bf6 Rg1 53. Be7 c3 54. Kf4 Rb1 55. Bxa3 Kc4 56. f3 Rb5 57. Ra1 Rba5 0-1

[Event "CZE-chTJ 9900"]
[Site "Czech Republic"]
[Date "1999.??.??"]
[Round "?"]
[White "Subrt, Jaroslav"]
[Black "Gdovin, Jan"]
[Result "1-0"]
[WhiteElo "2192"]
[BlackElo "2235"]
[PlyCount "87"]
[EventDate "1999.??.??"]
[EventType "team"]
[EventRounds "11"]
[EventCountry "CZE"]
[SourceTitle "EXT 2002"]
[Source "ChessBase"]
[SourceDate "2001.11.25"]
[SourceVersion "1"]
[SourceVersionDate "2001.11.25"]
[SourceQuality "1"]

1. d4 e6 2. g3 f5 3. Bg2 Nf6 4. c4 d5 5. Qb3 c6 6. Nf3 Bd6 7. Nc3 0-0 8. a4 Kh8 9. 0-0 Nbd7 10. Bg5 Qe8 11. e3 dxc4 12. Qxc4 e5 13. Bxf6 Rxf6 14. d5 Nb6 15. Qa2 Nxd5 16. Nxd5 cxd5 17. Qxd5 Rb8 18. Qa5 b6 19. Qc3 Ba6 20. Rfc1 Rd8 21. b4 Bb7 22. a5 Bxf3 23. Bxf3 e4 24. axb6 axb6 25. Be2 Be5 26. Qb3 Bxa1 27. Rxa1 Qd7 28. Qc4 h6 29. Kg2 Qd5 30. Qc7 Rc6 31. Qe7 Qd6 32. Qf7 Qf6 33. Qa2 Rdc8 34. Ba6 R8c7 35. Bb7 Rc1 36. Qa8+ Kh7 37. Ra2 Qe6 38. Bd5 Qc8 39. Qa4 Re1 40. Qb3 Rcc1 41. Ra8 Rg1+ 42. Kh3 Qd7 43. Be6 Rc3 44. Qa2 1-0

[Event "Most op-B"]
[Site "Most"]
[Date "1999.??.??"]
[Round "?"]
[White "Subrt, Jaroslav"]
[Black "Kamenik, Robert"]
[Result "0-1"]
[WhiteElo "2192"]
[BlackElo "1695"]
[PlyCount "66"]
[EventDate "1999.??.??"]
[EventType "swiss"]
[EventRounds "9"]
[EventCountry "CZE"]
[SourceTitle "EXT 2003"]
[Source "ChessBase"]
[SourceDate "2002.11.25"]
[SourceVersion "1"]
[SourceVersionDate "2002.11.25"]
[SourceQuality "1"]

1. e4 e5 2. Nf3 Nc6 3. Bc4 Bc5 4. c3 d6 5. d3 Nf6 6. 0-0 0-0 7. h3 Be6 8. Nbd2 Qd7 9. b4 Bb6 10. Bb5 a6 11. Ba4 Ba7 12. b5 axb5 13. Bxb5 Qe7 14. Bxc6 bxc6 15. a4 Bb6 16. Ba3 c5 17. Ng5 Bd7 18. Bc1 Qe8 19. Nc4 Bxa4 20. Qe2 Qd7 21. Be3 Bc6 22. f4 Rxa1 23. Rxa1 exf4 24. Bxf4 Bb5 25. Nd2 Bxd3 26. Qd1 c4+ 27. Kh1 h6 28. Ngf3 Nxe4 29. Nxe4 Bxe4 30. Nh2 Qc6 31. Qg4 d5 32. Rf1 Qg6 33. Qe2 Bd3 0-1

[Event "CZE-chTJ 9900"]
[Site "Czech Republic"]
[Date "1999.??.??"]
[Round "?"]
[White "Subrt, Jaroslav"]
[Black "Spal, Milan"]
[Result "0-1"]
[WhiteElo "2192"]
[BlackElo "2219"]
[PlyCount "64"]
[EventDate "1999.??.??"]
[EventType "team"]
[EventRounds "11"]
[EventCountry "CZE"]
[SourceTitle "EXT 2002"]
[Source "ChessBase"]
[SourceDate "2001.11.25"]
[SourceVersion "1"]
[SourceVersionDate "2001.11.25"]
[SourceQuality "1"]

1. d4 Nf6 2. Bg5 e6 3. e4 h6 4. Bxf6 Qxf6 5. Nf3 d6 6. c4 Nd7 7. Nc3 c6 8. Be2 g5 9. d5 Nc5 10. dxc6 bxc6 11. h4 Be7 12. Qd2 Rg8 13. hxg5 hxg5 14. Rd1 g4 15. Rh6 gxf3 16. Rxf6 fxg2 17. Bh5 g1Q+ 18. Ke2 Qg5 19. Bxf7+ Kd7 20. Rf3 Qxd2+ 21. Rxd2 Rg5 22. b4 Nb7 23. Na4 Kc7 24. Be8 e5 25. Rf7 Bg4+ 26. f3 Rxe8 27. fxg4 Rxg4 28. Kf3 Rgg8 29. c5 Ref8 30. Rf5 d5 31. Nc3 Rxf5+ 32. exf5 e4+ 0-1

[Event "CZE-chTJ 9900"]
[Site "Czech Republic"]
[Date "1999.??.??"]
[Round "?"]
[White "Vasicek, Martin"]
[Black "Subrt, Jaroslav"]
[Result "1/2-1/2"]
[WhiteElo "2140"]
[BlackElo "2192"]
[PlyCount "45"]
[EventDate "1999.??.??"]
[EventType "team"]
[EventRounds "11"]
[EventCountry "CZE"]
[SourceTitle "EXT 2002"]
[Source "ChessBase"]
[SourceDate "2001.11.25"]
[SourceVersion "1"]
[SourceVersionDate "2001.11.25"]
[SourceQuality "1"]

1. d4 Nf6 2. Nf3 e6 3. Bg5 c5 4. e3 cxd4 5. exd4 Nc6 6. Nbd2 d5 7. c3 Be7 8. Bd3 Nh5 9. Bxe7 Qxe7 10. g3 0-0 11. Ne5 g6 12. 0-0 f6 13. Nxc6 bxc6 14. f4 c5 15. Nf3 Rb8 16. Rf2 Bd7 17. Bf1 Rb6 18. b3 f5 19. Ne5 Nf6 20. Bg2 Rc8 21. Rc1 Bc6 22. dxc5 Qxc5 23. Qd4 1/2-1/2

[Event "CZE-chT 9798"]
[Site "Czech Republic"]
[Date "1998.02.07"]
[Round "6"]
[White "Navara, David"]
[Black "Subrt, Jaroslav"]
[Result "1-0"]
[WhiteElo "2175"]
[BlackElo "2205"]
[PlyCount "95"]
[EventDate "1997.11.15"]
[EventType "team-tourn"]
[EventRounds "11"]
[EventCountry "CZE"]
[SourceTitle "EXT 2019"]
[Source "ChessBase"]
[SourceDate "2018.10.10"]
[SourceVersion "1"]
[SourceVersionDate "2018.10.10"]
[SourceQuality "1"]
[WhiteTeam "Praha Mladi"]
[BlackTeam "Vysehrad SK Sokol"]
[WhiteTeamCountry "CZE"]
[BlackTeamCountry "CZE"]

1. e4 c5 2. Nf3 d6 3. d4 cxd4 4. Nxd4 Nf6 5. Nc3 a6 6. Bg5 e6 7. f4 Nbd7 8. Qf3 Qc7 9. 0-0-0 Be7 10. Bd3 b5 11. Rhe1 Bb7 12. Kb1 Nb6 13. Bxf6 gxf6 14. Qh5 Qc5 15. e5 0-0-0 16. Qxf7 Qxd4 17. Be4 Qc4 18. Bxb7+ Kxb7 19. exd6 e5 20. Qxe7+ Nd7 21. fxe5 fxe5 22. Rxe5 Rhe8 23. Re4 Qg8 24. Qh4 Qxg2 25. Rxe8 Rxe8 26. Qxh7 Qg4 27. h3 Qe6 28. a4 b4 29. Nd5 Qxd6 30. Ne3 Re7 31. Qf5 Qc6 32. Nd5 Re5 33. Qf7 Qd6 34. Ne3 Re7 35. Qc4 Qe5 36. Qxb4+ Ka7 37. Nd5 Rh7 38. Rd3 Rf7 39. Qd4+ Qxd4 40. Rxd4 Ne5 41. Re4 Rf5 42. Ka2 Kb7 43. Rb4+ Ka7 44. Re4 Rh5 45. Nf6 Rf5 46. Ng4 Nf3 47. Nf2 Kb6 48. Nd3 1-0